[Event "FRA-ch U14"]
[Site "Le Grand Bornand"]
[Date "2007.04.??"]
[Round "3"]
[White "Bailly, Luc"]
[Black "Coustance, Kevin"]
[Result "0-1"]
[WhiteElo "1840"]
[BlackElo "1953"]
[PlyCount "78"]
[EventDate "2007.04.07"]
[EventType "swiss"]
[EventRounds "9"]
[EventCountry "FRA"]
[SourceTitle "CBM 118 Extra"]
[Source "ChessBase"]
[SourceDate "2007.07.04"]
[SourceVersion "1"]
[SourceVersionDate "2007.07.04"]
[SourceQuality "1"]

1. d4 c5 2. dxc5 Na6 3. Bf4 Nxc5 4. Nc3 Nf6 5. Qd2 d5 6. Nf3 Bf5 7. e3 a6 8. Nh4 Bg6 9. Nxg6 hxg6 10. Be2 e6 11. Rd1 Bd6 12. Bxd6 Qxd6 13. h3 Rd8 14. Bf3 Qb6 15. b3 Ke7 16. Ke2 Qc7 17. Qc1 Rc8 18. Rd2 Rhd8 19. Rhd1 Nxb3 20. axb3 Qxc3 21. Qa3+ Qc5 22. Qxc5+ Rxc5 23. e4 Rd7 24. e5 Ne8 25. Kf1 Rdc7 26. Rc1 Rc3 27. Bd1 Rxb3 28. cxb3 Rxc1 29. Ke2 Nc7 30. Rc2 Rxc2+ 31. Bxc2 Nb5 32. Kd2 Kd7 33. f4 Kc6 34. g4 Kc5 35. Kd3 Nc7 36. Kd2 Kd4 37. f5 gxf5 38. gxf5 Kxe5 39. fxe6 fxe6 0-1

[Event "FRA-ch U14"]
[Site "Le Grand Bornand"]
[Date "2007.04.??"]
[Round "2"]
[White "Song, Julien"]
[Black "Bailly, Luc"]
[Result "1/2-1/2"]
[WhiteElo "1957"]
[BlackElo "1840"]
[PlyCount "95"]
[EventDate "2007.04.07"]
[EventType "swiss"]
[EventRounds "9"]
[EventCountry "FRA"]
[SourceTitle "CBM 118 Extra"]
[Source "ChessBase"]
[SourceDate "2007.07.04"]
[SourceVersion "1"]
[SourceVersionDate "2007.07.04"]
[SourceQuality "1"]

1. d4 e5 2. dxe5 Nc6 3. Nf3 Qe7 4. g3 Nxe5 5. Nxe5 Qxe5 6. Bg2 Bc5 7. 0-0 Nf6 8. c3 c6 9. Bf4 Qe6 10. e4 0-0 11. b4 Bb6 12. Bd6 Rd8 13. e5 Ne8 14. Qd3 f6 15. Nd2 fxe5 16. Ne4 Nxd6 17. Nxd6 Bc7 18. Rad1 b6 19. Be4 g6 20. Rd2 a5 21. b5 Ra7 22. Rfd1 Bxd6 23. Qxd6 Qxd6 24. Rxd6 cxb5 25. Rxb6 b4 26. cxb4 axb4 27. Rxb4 Ra5 28. Rd6 Ba6 29. Bd5+ Kg7 30. Rbb6 Bd3 31. Bb3 Bb1 32. a4 Ra7 33. Rb5 e4 34. a5 Bd3 35. Rc5 Rda8 36. Rdd5 d6 37. Rxd6 Rxa5 38. Rc7+ Kh6 39. Kg2 R5a7 40. Rdd7 Rxc7 41. Rxc7 Ra1 42. h4 Be2 43. g4 Bf3+ 44. Kh2 Rh1+ 45. Kg3 Rg1+ 46. Kh3 Rh1+ 47. Kg3 Rg1+ 48. Kh3 1/2-1/2